<?xml version="1.0" encoding="UTF-8"?>
<record
    xmlns:xsi="http://www.w3.org/2001/XMLSchema-instance"
    xsi:schemaLocation="http://www.loc.gov/MARC21/slim http://www.loc.gov/standards/marcxml/schema/MARC21slim.xsd"
    xmlns="http://www.loc.gov/MARC21/slim">

  <leader>02225nam a22002897a 4500</leader>
  <controlfield tag="001">10146</controlfield>
  <controlfield tag="003">FISKH</controlfield>
  <controlfield tag="005">20260428161900.0</controlfield>
  <controlfield tag="008">260427b        cb ||||| |||| 00| 0 eng d</controlfield>
  <datafield tag="020" ind1=" " ind2=" ">
    <subfield code="a">9789924341857</subfield>
  </datafield>
  <datafield tag="040" ind1=" " ind2=" ">
    <subfield code="a">FISKH</subfield>
    <subfield code="b">khr</subfield>
    <subfield code="c">FISKH</subfield>
    <subfield code="d">FISKH</subfield>
  </datafield>
  <datafield tag="082" ind1=" " ind2=" ">
    <subfield code="a">895.9329</subfield>
  </datafield>
  <datafield tag="100" ind1=" " ind2=" ">
    <subfield code="a">Witek , Jo</subfield>
  </datafield>
  <datafield tag="245" ind1=" " ind2=" ">
    <subfield code="a">&#x1781;&#x17D2;&#x1789;&#x17BB;&#x17C6;&#x17A2;&#x17B6;&#x1799;&#x17BB;&#x17E1;&#x17E4;&#x1786;&#x17D2;&#x1793;&#x17B6;&#x17C6; /</subfield>
    <subfield code="c">&#x1793;&#x17B7;&#x1796;&#x1793;&#x17D2;&#x1792;&#x178A;&#x17C4;&#x1799; &#x17A0;&#x17D2;&#x179F;&#x17BC; &#x179C;&#x17B8;&#x178F;&#x17C1;&#x1780; , &#x1794;&#x1780;&#x1794;&#x17D2;&#x179A;&#x17C2;&#x1796;&#x17B8;&#x1797;&#x17B6;&#x179F;&#x17B6;&#x1794;&#x17B6;&#x179A;&#x17B6;&#x17C6;&#x1784;&#x178A;&#x17C4;&#x1799; &#x17A1;&#x17B6;&#x1785; &#x179A;&#x178F;&#x1793;&#x17B6; , &#x179A;&#x17BC;&#x1794;&#x1797;&#x17B6;&#x1796;&#x178A;&#x17C4;&#x1799; &#x179F;&#x17C1;&#x1784; &#x179C;&#x17B7;&#x179F;&#x17BB;&#x1791;&#x17D2;&#x1792;</subfield>
  </datafield>
  <datafield tag="260" ind1=" " ind2=" ">
    <subfield code="a">&#x1797;&#x17D2;&#x1793;&#x17C6;&#x1796;&#x17C1;&#x1789; :</subfield>
    <subfield code="b">&#x1782;&#x17D2;&#x179A;&#x17B9;&#x17C7;&#x179F;&#x17D2;&#x1790;&#x17B6;&#x1793;&#x1794;&#x17C4;&#x17C7;&#x1796;&#x17BB;&#x1798;&#x17D2;&#x1796;&#x1795;&#x17D2;&#x179F;&#x17B6;&#x1799; Sipar , </subfield>
    <subfield code="c">2023.</subfield>
  </datafield>
  <datafield tag="300" ind1=" " ind2=" ">
    <subfield code="a">125 pages : </subfield>
    <subfield code="b">illustrations ; </subfield>
    <subfield code="c">19 cm.</subfield>
  </datafield>
  <datafield tag="505" ind1=" " ind2=" ">
    <subfield code="a">S 
</subfield>
  </datafield>
  <datafield tag="520" ind1=" " ind2=" ">
    <subfield code="a">&#x179C;&#x17B7;&#x179F;&#x17D2;&#x179F;&#x1798;&#x1780;&#x17B6;&#x179B;&#x1793;&#x17C1;&#x17C7; &#x1781;&#x17D2;&#x1789;&#x17BB;&#x17C6;&#x178F;&#x17D2;&#x179A;&#x179B;&#x1794;&#x17CB;&#x1798;&#x1780;&#x1795;&#x17D2;&#x1791;&#x17C7;&#x178A;&#x17C4;&#x1799;&#x17A2;&#x1784;&#x17D2;&#x1782;&#x17BB;&#x1799;&#x179B;&#x17BE;&#x1798;&#x17C9;&#x17BC;&#x178F;&#x17BC;&#x1798;&#x17C9;&#x17BC;&#x1794;&#x17CA;&#x17B8;&#x17A1;&#x17C2;&#x178F;&#x1796;&#x17B8;&#x1780;&#x17D2;&#x179A;&#x17C4;&#x1799;&#x1796;&#x17BC;&#x1794;&#x17D2;&#x179B;&#x17B6;&#x1794;&#x17D2;&#x179B;&#x17B6; &#x17D4; &#x1791;&#x17C4;&#x17C7;&#x1787;&#x17B6;&#x1788;&#x17B8;&#x1782;&#x17BC;&#x1790;&#x1780;&#x17CF;&#x178A;&#x17C4;&#x1799; &#x1780;&#x17CF;&#x1781;&#x17D2;&#x1789;&#x17BB;&#x17C6;&#x179A;&#x17B8;&#x1780;&#x179A;&#x17B6;&#x1799; &#x1793;&#x17B7;&#x1784;&#x179A;&#x17C6;&#x1796;&#x17B9;&#x1784;&#x178F;&#x17D2;&#x179A;&#x17A1;&#x1794;&#x17CB;&#x1791;&#x17C5;&#x1787;&#x17BD;&#x1794;&#x1782;&#x17D2;&#x179A;&#x17BD;&#x179F;&#x17B6;&#x179A;&#x178A;&#x17C2;&#x179A; &#x17D4; &#x178F;&#x17C2;&#x1781;&#x17D2;&#x1789;&#x17BB;&#x17C6;&#x17A2;&#x17B6;&#x1799;&#x17BB;14&#x1786;&#x17D2;&#x1793;&#x17B6;&#x17C6; &#x17A0;&#x17BE;&#x1799;&#x1793;&#x17C1;&#x17C7;&#x1798;&#x17B7;&#x1793;&#x1798;&#x17C2;&#x1793;&#x1787;&#x17B6;&#x178A;&#x17C6;&#x178E;&#x17B9;&#x1784;&#x179B;&#x17D2;&#x17A2;&#x1791;&#x17C1; &#x17D4; &#x1781;&#x17D2;&#x1789;&#x17BB;&#x17C6;&#x1796;&#x17C1;&#x1789;&#x179C;&#x17D0;&#x1799;&#x17A0;&#x17BE;&#x1799; &#x200B;&#x17A0;&#x17BE;&#x1799;&#x1793;&#x17C1;&#x17C7;&#x1798;&#x17B7;&#x1793;&#x1798;&#x17C2;&#x1793;&#x1787;&#x17B6;&#x178A;&#x17C6;&#x178E;&#x17B9;&#x1784;&#x179B;&#x17D2;&#x17A2;&#x1791;&#x17C1; &#x17D4; &#x1781;&#x17D2;&#x1789;&#x17BB;&#x17C6;&#x1782;&#x17D2;&#x179A;&#x1794;&#x17CB;&#x1780;&#x17B6;&#x179A;&#x17A0;&#x17BE;&#x1799; &#x17A0;&#x17BE;&#x1799;&#x1793;&#x17C1;&#x17C7;&#x1798;&#x17B7;&#x1793;&#x1798;&#x17C2;&#x1793;&#x1787;&#x17B6;&#x178A;&#x17C6;&#x178E;&#x17B9;&#x1784;&#x179B;&#x17D2;&#x17A2;&#x1791;&#x17C1; &#x17D4; </subfield>
  </datafield>
  <datafield tag="520" ind1=" " ind2=" ">
    <subfield code="a">This vacation, I returned home sitting on the back of my uncle&#x2019;s motorbike. Even though it was uncomfortable, I was happy and excited to see my family again. But I am 14 years old now, and that is not good news. I am growing up, and that is not good news. I feel like I have to deal with everything, and that is not good news.</subfield>
  </datafield>
  <datafield tag="521" ind1="8" ind2=" ">
    <subfield code="a">790 

</subfield>
    <subfield code="b">Lexile estimate 
</subfield>
  </datafield>
  <datafield tag="521" ind1="8" ind2=" ">
    <subfield code="a">S 
</subfield>
    <subfield code="b">Raz-Plus 

</subfield>
  </datafield>
  <datafield tag="650" ind1=" " ind2=" ">
    <subfield code="a">&#x1781;&#x17D2;&#x1789;&#x17BB;&#x17C6;&#x17A2;&#x17B6;&#x1799;&#x17BB;&#x17E1;&#x17E4;&#x1786;&#x17D2;&#x1793;&#x17B6;&#x17C6; </subfield>
    <subfield code="v">&#x1794;&#x17D2;&#x179A;&#x179B;&#x17C4;&#x1798;&#x179B;&#x17C4;&#x1780;</subfield>
  </datafield>
  <datafield tag="650" ind1=" " ind2=" ">
    <subfield code="a">I am 14 years old </subfield>
    <subfield code="v">Fiction</subfield>
  </datafield>
  <datafield tag="700" ind1=" " ind2=" ">
    <subfield code="a">Visoth , Seng</subfield>
    <subfield code="e">Illustrator</subfield>
  </datafield>
  <datafield tag="942" ind1=" " ind2=" ">
    <subfield code="2">ddc</subfield>
    <subfield code="c">KHB</subfield>
    <subfield code="n">0</subfield>
  </datafield>
  <datafield tag="999" ind1=" " ind2=" ">
    <subfield code="c">10146</subfield>
    <subfield code="d">10146</subfield>
  </datafield>
  <datafield tag="952" ind1=" " ind2=" ">
    <subfield code="0">0</subfield>
    <subfield code="1">0</subfield>
    <subfield code="2">ddc</subfield>
    <subfield code="4">0</subfield>
    <subfield code="7">0</subfield>
    <subfield code="8">KH</subfield>
    <subfield code="a">002</subfield>
    <subfield code="b">002</subfield>
    <subfield code="c">SKB</subfield>
    <subfield code="d">2026-04-27</subfield>
    <subfield code="l">0</subfield>
    <subfield code="o">VIT 895.9329</subfield>
    <subfield code="p">2026-0538</subfield>
    <subfield code="r">2026-04-27 09:31:00</subfield>
    <subfield code="t">1</subfield>
    <subfield code="w">2026-04-27</subfield>
    <subfield code="y">KHB</subfield>
  </datafield>
  <datafield tag="952" ind1=" " ind2=" ">
    <subfield code="0">0</subfield>
    <subfield code="1">0</subfield>
    <subfield code="2">ddc</subfield>
    <subfield code="4">0</subfield>
    <subfield code="7">0</subfield>
    <subfield code="8">KH</subfield>
    <subfield code="a">002</subfield>
    <subfield code="b">002</subfield>
    <subfield code="c">SKB</subfield>
    <subfield code="d">2026-04-27</subfield>
    <subfield code="l">0</subfield>
    <subfield code="o">VIT 895.9329</subfield>
    <subfield code="p">2026-0539</subfield>
    <subfield code="r">2026-04-27 09:33:00</subfield>
    <subfield code="t">2</subfield>
    <subfield code="w">2026-04-27</subfield>
    <subfield code="y">KHB</subfield>
  </datafield>
</record>
